| 000 | nam a22 7a 4500 | ||
|---|---|---|---|
| 999 |
_c29971 _d29970 |
||
| 003 | OSt | ||
| 005 | 20170920110032.0 | ||
| 008 | 170920b xxu||||| |||| 00| 0 eng d | ||
| 040 |
_aMMU _beng _cMMU _dMMU |
||
| 050 | _aHD61.D43 | ||
| 245 |
_aDecision making with analytics/ _cMehmet Begen...[et all.]. |
||
| 260 |
_aToronto: _bWestern University, |
||
| 650 | _adecision making with analytics | ||
| 942 |
_2lcc _cLOAN LOAN |
||